000 00657nam a2200241 i 4500
001 C2-0081371
003 PPAK
005 20180727084423.0
008 970429s1985 my |||| ||||| | may d
020 _a9679420280
040 _aPPAK
_beng
_cPPAK
_erda
082 0 4 _a899.234
_223
090 0 0 _a899.234
_bMAN
_dG
100 0 _aMana Sikana,
_eauthor
245 1 0 _aEsei-esei kesusasteraan
264 1 _aBangi, Selangor :
_bUniversiti Kebangsaan Malaysia ,
_c1985
300 _a279 pages ;
_c21 cm
336 _2rdacontent
_atext
337 _2rdamedia
_aunmediated
338 _2rdacarrier
_avolume
650 1 0 _aMalay prose literature
942 _ddc
_cB
999 _c14599
_d14599